LEADER 00937nam a2200229 i 4500 001 000000164387 003 CaOOAMICUS 005 20211203144929.0 008 070913s1962 it u000 u ita u 013 $a141755 040 $aSeMil$bita 100 1 $aAdami, Casimiro,$d<1874-1960>.$0(OLS)http://semarc/name/61780 245 10$aAlcuni poemetti latini del Pascoli :$binterpretazioni /$cCasimiro Adami. 264 1$aVerona :$b[s.n.],$c1962$e(Verona :$fLinotipia Veronese) 300 $a143 p. ;$c25 cm. 650 4$aPascoli, Giovanni <1855-1912> - Opere latine.$0(OLS)http://semarc/subject/32369 850 $aSeMil 852 $aSeMil$W1$xVenegono$y1$m1O V 291$j246212$B115654$CSeMilBibl$Z2$F126537 $81 961 $aRecupero: Altro 996 $6245$aAlcuni poemetti latini del Pascoli :$binterpretazioni$9(OLS)http://semarc/title/234540 996 $6264$aVerona :$b[s.n.]$9(OLS)http://semarc/publisher/30782 LEADER 01244nam a2200253 i 4500 001 000000049289 003 CaOOAMICUS 005 20091202000000.0 008 091202s1995 it u000 u ita u 013 $a20459 040 $aSeMil$bita 100 1 $aNowacki, Piotr .$0(OLS)http://semarc/name/24405 245 10$aRemedium salutis :$buna dimensione trascurata della sacramentaria di San Tommaso d'Aquino /$cPiotr Nowacki ; prefazione di Giacomo Grasso. 260 $aRoma :$bMillennium Romae,$c1995. 300 $a253 p. ;$c24 cm. 600 04$aTommaso : d'Aquino .$0(OLS)http://semarc/subject/115 650 4$aSacramenti - Teologia cattolica.$0(OLS)http://semarc/subject/113 650 4$aTeologia sacramentaria.$0(OLS)http://semarc/subject/749 700 1 $aGrasso, Giacomo .$0(OLS)http://semarc/name/24406 850 $aSeMil 852 $aSeMil$W1$xVenegono$y1$m2B VI 193$j15444$B15444$CSeMilBibl$Z2$F15444 $81 961 $aOmaggio per recensione: Scuola Cattolica 996 $6245$aRemedium salutis :$buna dimensione trascurata della sacramentaria di San Tommaso d'Aquino$9(OLS)http://semarc/title/74880 996 $6260$aRoma :$bMillennium Romae$9(OLS)http://semarc/publisher/41099